[Event "BUL-chT (Women) 39h"]
[Site "Sunny Beach"]
[Date "2006.10.07"]
[Round "3"]
[White "Genova, Ruzka"]
[Black "Bratimirova, Dimitrinka"]
[Result "1-0"]
[WhiteElo "2219"]
[BlackElo "2078"]
[PlyCount "109"]
[EventDate "2006.10.05"]
[EventType "team-tourn"]
[EventRounds "7"]
[EventCountry "BUL"]
[SourceTitle "CBM 114 Extra"]
[Source "ChessBase"]
[SourceDate "2006.11.03"]
[SourceVersion "1"]
[SourceVersionDate "2006.11.03"]
[SourceQuality "1"]
[WhiteTeam "Plovdiv Lokomotiv 2000 (W)"]
[BlackTeam "Sofia Lokomotiv (W)"]
[WhiteTeamCountry "BUL"]
[BlackTeamCountry "BUL"]

1. d4 d5 2. c4 c6 3. Nf3 Nf6 4. e3 e6 5. Bd3 Nbd7 6. Nbd2 Be7 7. 0-0 0-0 8. e4 dxe4 9. Nxe4 Nxe4 10. Bxe4 Nf6 11. Bc2 c5 12. Bg5 cxd4 13. Qd3 g6 14. Nxd4 e5 15. Nb5 a6 16. Nc3 Qxd3 17. Bxd3 Be6 18. Rfe1 Rfd8 19. Bf1 Kg7 20. Rxe5 h6 21. Bh4 g5 22. Bg3 Bd6 23. Ree1 Bxg3 24. hxg3 Rac8 25. Na4 Rd2 26. b3 b5 27. cxb5 axb5 28. Bxb5 Rcc2 29. Rec1 Rxf2 30. Rxc2 Rxc2 31. Nb6 Ng4 32. Bd3 Rd2 33. Be4 Nf2 34. Bb7 Nd3 35. Nc4 Bxc4 36. bxc4 Ne5 37. Bd5 Rc2 38. a4 Nxc4 39. Bxc4 Rxc4 40. a5 Rc8 41. a6 Ra8 42. g4 Ra7 43. Kf2 Kf6 44. Ke3 Kg6 45. Ke4 h5 46. gxh5+ Kxh5 47. Kf5 Kh4 48. g4 Kg3 49. Kxg5 Kf3 50. Ra4 Ke3 51. Kf5 Kd3 52. Ke5 Kc3 53. Kd5 Kb3 54. Ra1 Kb2 55. Ra5 1-0

[Event "BUL-chT (Women)"]
[Site "Plovdiv"]
[Date "2003.11.??"]
[Round "5"]
[White "Voiska, Margarita"]
[Black "Bratimirova, Dimitrinka"]
[Result "1-0"]
[WhiteElo "2353"]
[BlackElo "2073"]
[PlyCount "77"]
[EventDate "2003.11.05"]
[EventType "team"]
[EventRounds "7"]
[EventCountry "BUL"]
[SourceTitle "EXT 2006"]
[Source "ChessBase"]
[SourceDate "2005.11.24"]
[SourceVersion "1"]
[SourceVersionDate "2005.11.24"]
[SourceQuality "1"]

1. c4 Nf6 2. Nc3 e6 3. e4 Nc6 4. d4 d6 5. Nf3 Be7 6. Be2 0-0 7. 0-0 d5 8. e5 Ne4 9. Bd3 f5 10. exf6 Bxf6 11. Nxe4 dxe4 12. Bxe4 Nxd4 13. Nxd4 Bxd4 14. Qc2 g6 15. Bh6 Rf7 16. Rad1 Qf6 17. Rd3 e5 18. Rf3 Bf5 19. Qc1 c6 20. Re1 Qh4 21. Bg5 Qh5 22. Bxf5 Rxf5 23. Rxf5 gxf5 24. Be3 Bxe3 25. Qxe3 e4 26. Qg3+ Qg6 27. Qh4 Rf8 28. Qf4 Qg7 29. b3 Qd7 30. h3 Rd8 31. Re3 Kh8 32. Qe5+ Qg7 33. Qxf5 Rd1+ 34. Kh2 Rd2 35. Rxe4 Qc7+ 36. g3 Qd8 37. Qe5+ Kg8 38. Rg4+ Kf8 39. Qg7+ 1-0

[Event "BUL-chT (Women)"]
[Site "Plovdiv"]
[Date "2003.11.??"]
[Round "1"]
[White "Yordanova, Svetla"]
[Black "Bratimirova, Dimitrinka"]
[Result "1/2-1/2"]
[WhiteElo "2152"]
[BlackElo "2073"]
[PlyCount "68"]
[EventDate "2003.11.05"]
[EventType "team"]
[EventRounds "7"]
[EventCountry "BUL"]
[SourceTitle "EXT 2006"]
[Source "ChessBase"]
[SourceDate "2005.11.24"]
[SourceVersion "1"]
[SourceVersionDate "2005.11.24"]
[SourceQuality "1"]

1. e4 e5 2. Nc3 Nf6 3. f4 d6 4. Nf3 Nc6 5. Bc4 Be7 6. d3 0-0 7. f5 Na5 8. 0-0 Nxc4 9. dxc4 c6 10. Kh1 Qb6 11. Qe2 Bd7 12. b3 a5 13. Be3 Qc7 14. a4 b5 15. cxb5 cxb5 16. Nxb5 Bxb5 17. axb5 Nxe4 18. c4 Rfc8 19. Qd3 Nc5 20. Bxc5 Qxc5 21. Nd2 d5 22. cxd5 Rd8 23. Qg3 f6 24. Nc4 Qxb5 25. Qf3 Ra6 26. Rfd1 a4 27. d6 Bxd6 28. Nxd6 Rdxd6 29. Rxd6 Rxd6 30. bxa4 Qb2 31. Qa8+ Kf7 32. Rg1 Qb6 33. h3 Qa6 34. Qb8 Qb6 1/2-1/2

[Event "EU-ch (Women) 3rd"]
[Site "Varna"]
[Date "2002.06.07"]
[Round "11"]
[White "Bratimirova, Dimitrinka"]
[Black "Bednikova, Stefka"]
[Result "1-0"]
[WhiteElo "2076"]
[BlackElo "2184"]
[PlyCount "138"]
[EventDate "2002.05.27"]
[EventType "swiss"]
[EventRounds "11"]
[EventCountry "BUL"]
[SourceTitle "CBM 088 Extra"]
[Source "ChessBase"]
[SourceDate "2002.07.01"]
[SourceVersion "2"]
[SourceVersionDate "2002.07.01"]
[SourceQuality "1"]

1. e4 c5 2. Nf3 d6 3. d4 cxd4 4. Nxd4 Nf6 5. Nc3 a6 6. a4 e6 7. Be2 Be7 8. Be3 0-0 9. 0-0 Nc6 10. f4 Qc7 11. Qd2 b6 12. Nb3 Rd8 13. Bf3 Rb8 14. Qf2 Nb4 15. Rad1 Nc6 16. Kh1 b5 17. axb5 axb5 18. e5 Nd7 19. exd6 Bxd6 20. Be2 Ba6 21. f5 Nf8 22. fxe6 fxe6 23. Ne4 Be5 24. Rxd8 Rxd8 25. Bb6 Qe7 26. Bxd8 Nxd8 27. Nbc5 Bb7 28. Nxb7 Nxb7 29. c3 b4 30. Bg4 Ng6 31. Ng5 Nd8 32. Ne4 bxc3 33. bxc3 h6 34. g3 Qb7 35. Bf3 Qf7 36. Bh5 Qxf2 37. Rxf2 Ne7 38. c4 g6 39. Bg4 Nf5 40. c5 Kf7 41. Bd1 Ke7 42. Ba4 Ne3 43. Rd2 Nd5 44. Bb3 Nc7 45. Ra2 Nc6 46. Nf2 Bd4 47. Nd3 Ne5 48. Nxe5 Bxe5 49. Rd2 Na6 50. c6 Bd6 51. Kg2 Nb4 52. Ba4 Nd5 53. Kf3 Bc7 54. Bb3 Kd6 55. Ke4 Kxc6 56. Bxd5+ exd5+ 57. Rxd5 Bd6 58. Rd1 h5 59. Rd2 Bb4 60. Rd5 h4 61. Rg5 hxg3 62. hxg3 Kd6 63. Rxg6+ Ke7 64. Kf5 Bc3 65. g4 Kf7 66. Rb6 Ba5 67. Ra6 Bc3 68. Ra7+ Kf8 69. Kg6 Bd4 1-0

[Event "EU-ch (Women) 3rd"]
[Site "Varna"]
[Date "2002.06.01"]
[Round "6"]
[White "Polushkina, Svetlana"]
[Black "Bratimirova, Dimitrinka"]
[Result "1-0"]
[WhiteElo "2159"]
[BlackElo "2076"]
[PlyCount "105"]
[EventDate "2002.05.27"]
[EventType "swiss"]
[EventRounds "11"]
[EventCountry "BUL"]
[SourceTitle "CBM 088 Extra"]
[Source "ChessBase"]
[SourceDate "2002.07.01"]
[SourceVersion "2"]
[SourceVersionDate "2002.07.01"]
[SourceQuality "1"]

1. d4 Nf6 2. c4 g6 3. Nc3 d5 4. cxd5 Nxd5 5. e4 Nxc3 6. bxc3 Bg7 7. Bc4 0-0 8. Ne2 c5 9. 0-0 Nc6 10. Be3 Qc7 11. Rc1 Rd8 12. Qe1 b6 13. f4 Na5 14. Bd5 Bb7 15. c4 cxd4 16. Nxd4 e6 17. Nb5 Qe7 18. Bxb7 Qxb7 19. e5 Bf8 20. c5 Rd3 21. Nd6 Qd5 22. Rc3 Rxc3 23. Qxc3 Nc6 24. h3 bxc5 25. Bxc5 Ne7 26. Rc1 Nf5 27. Nxf5 Bxc5+ 28. Qxc5 Qxc5+ 29. Rxc5 gxf5 30. Ra5 f6 31. exf6 Kf7 32. g4 fxg4 33. hxg4 Kxf6 34. Kf2 h6 35. Kg3 a6 36. Kh4 Kg6 37. Re5 Kf6 38. Kh5 a5 39. a4 Rd8 40. Rxa5 Rd2 41. g5+ hxg5 42. fxg5+ Kg7 43. Ra7+ Kf8 44. Kg6 Rf2 45. a5 e5 46. a6 Rg2 47. Kf6 Rf2+ 48. Kxe5 Re2+ 49. Kf6 Rf2+ 50. Kg6 Ra2 51. Ra8+ Ke7 52. a7 Ra6+ 53. Kg7 1-0

[Event "EU-ch (Women) 3rd"]
[Site "Varna"]
[Date "2002.05.31"]
[Round "5"]
[White "Seps, Monika"]
[Black "Bratimirova, Dimitrinka"]
[Result "0-1"]
[WhiteElo "2095"]
[BlackElo "2076"]
[PlyCount "110"]
[EventDate "2002.05.27"]
[EventType "swiss"]
[EventRounds "11"]
[EventCountry "BUL"]
[SourceTitle "CBM 088 Extra"]
[Source "ChessBase"]
[SourceDate "2002.07.01"]
[SourceVersion "2"]
[SourceVersionDate "2002.07.01"]
[SourceQuality "1"]

1. e4 e5 2. Nf3 Nc6 3. d4 exd4 4. Nxd4 Bc5 5. Be3 Qf6 6. c3 Bb6 7. Bc4 Nge7 8. 0-0 0-0 9. Bb3 a6 10. Na3 Ba7 11. Qd2 h6 12. f4 d6 13. Rae1 b5 14. e5 Qg6 15. Nxc6 Bxe3+ 16. Rxe3 Nxc6 17. Rg3 Qf5 18. Bc2 Qe6 19. Qd3 g6 20. f5 Qxe5 21. fxg6 f5 22. Bb3+ Kg7 23. Bd5 Bb7 24. Re3 Qf6 25. Qd2 Rae8 26. Rfe1 Re5 27. Rxe5 dxe5 28. Qe3 e4 29. Nc2 Rd8 30. Bxc6 Bxc6 31. Nd4 Bd7 32. Qf4 c5 33. Nb3 c4 34. Nd4 Qg5 35. Qd6 Qf6 36. Qc7 Kxg6 37. Re3 h5 38. Rg3+ Kh6 39. Qf4+ Kh7 40. Rg5 Be8 41. Rxf5 Qh6 42. Qc7+ Rd7 43. Qe5 Qe3+ 44. Rf2 Qe1+ 45. Rf1 Qe3+ 46. Kh1 Bg6 47. Ne6 Qf2 48. Nf8+ Qxf8 49. Kg1 Rf7 50. Rd1 Qh6 51. Qd4 e3 52. Qe5 Qf4 53. Qxf4 Rxf4 54. Re1 Re4 55. Kf1 Re6 0-1